1079 1285 1543 1535 1849 1181 1262 1665 1431 1648 1191 1995 1227 1148 1516 1326 1739 1435 1547 1985 1016 1481 1498 1622 1718 1109 1641 1734 1254 1999 1877 1366 1937 1898 1771 1879 1048 1066 1506 1476 1959 1132 1690 1467 1749 1715 1790 1241 1882 1209 1020 1440 1448 1615 1194 1178 1677 1752 1176 1311 1683 1551 1107 1198 1931 1643 1495 1019 1589 1899 1725 1937 1387 1768 1907 1490 1106 1062 1833 1203 1669 1715 1929 1107 1368 1301 1083 1495 1926 1034 1342 1421 1565 1662 1745 1162 1711 1577 1612 BCNSPRNW ULIB Ver.6.0+V

เปลี่ยนเป็นภาษาไทย

Change to English
 แสดงรายละเอียดบรรณานุกรม
  กลับหน้าหลัก

Brief Record : Get Marc (ISO 2709) : E-mail record : QR code < ปิดหน้าต่าง
LEADER : 00000nam 2200000uu 4500
001    13399124269
003     ULIB
008    150216s2557th 000 0 tha d
020    ^a9789742944414
060 04 ^aWY105^bน578ก
100 0  ^aนิตยา ศรีญาณลักษณ์
245 10 ^aการบริหารการพยาบาล /^cนิตยา ศรีญาณลักษณ์, บรรณาธิการ
250    ^aพิมพ์ครั้งที่ 5
260    ^aนนทบุรี :^bโครงการสวัสดิการวิชาการ สถาบันพระบรมราชชนกกระทรวงสาธารณสุข,^c2557
300    ^a[13], 379 หน้า ;^c27 ซม.
650  7 ^aการพยาบาล^xการบริหาร
650  7 ^aการบริหารการพยาบาล
710 2  ^aสถาบันพระบรมราชชนก. ^bโครงการสวัสดิการวิชาการ
945    ^p240^l0^i039202
945    ^p240^l0^i039203
945    ^p240^l0^i039204
945    ^p240^l0^i039205
995    ^aทศพร
999    ^aทศพร
รายการนี้ยังไม่มีแท็ก
คุณยังไม่ได้ล็อกอิน คุณสามารถมีกิจกรรมร่วมกับเว็บไซต์ได้ แต่ต้องล็อกอินก่อน ::
  ล็อกอิน

รายการสื่อสารสนเทศ

ลำดับที่ ประเภท เลขเรียก/บาร์โค้ด สถานที่ สถานะ
1. Book การพยาบาล
Book การพยาบาล
สถานะ=หนังสือเก่า
WY105 น578ก ฉ.1 
  Barcode: 039202
ห้องสมุดวิทยาเขตสวรรค์ประชารักษ์
►ส่วนจัดเก็บหนังสือเก่า สปร
บนชั้น
  ขอยืม
2. Book การพยาบาล
Book การพยาบาล
WY105 น578ก ฉ.2 
  Barcode: 039203
ห้องสมุดวิทยาเขตสวรรค์ประชารักษ์
►หนังสือทั่วไป
บนชั้น
3. Book การพยาบาล
Book การพยาบาล
สถานะ=หนังสือเก่า
WY105 น578ก ฉ.3 
  Barcode: 039204
ห้องสมุดวิทยาเขตสวรรค์ประชารักษ์
►ส่วนจัดเก็บหนังสือเก่า สปร
บนชั้น
  ขอยืม
4. Book การพยาบาล
Book การพยาบาล
สถานะ=หนังสือเก่า
WY105 น578ก ฉ.4 
  Barcode: 039205
ห้องสมุดวิทยาเขตสวรรค์ประชารักษ์
►ส่วนจัดเก็บหนังสือเก่า สปร
บนชั้น
  ขอยืม

รายการใกล้เคียง
    ผู้แต่ง [นิตยา ศรีญาณลักษณ์]

    หัวเรื่อง [การบริหารการพยาบาล]

BibComment


ยังไม่เคยถูกคอมเมนท์

คอมเมนท์ทรัพยากรรายการนี้
  คอมเมนท์: การบริหารการพยาบ..


 Copyright 2026. Bcnsprnw @Library